000 00586nam a22002417a 4500
003 UA-OsUOA
001 30740
007 ta
008 20041115b un ||||| |||| 00| 0 ukr d
100 _aМатвейчук Н. Ф.
090 _a82.09
_bМ33
942 _cBK
040 _aUA-OsUOA
_brus
_cUA-OsUOA
_dUA-OsUOA
245 _aВ творческой мастерской М. Горького
300 _a157 с.
955 _a0
041 _arus
080 _a82.09
260 _aЛьвов
_bВища школа
_c1982
044 _aUA
650 7 _2UDC
999 _c317154
_d317154